| 000 | 00700cam a2200241 i 4500 | ||
|---|---|---|---|
| 999 |
_c5461 _d5461 |
||
| 001 | 6432 | ||
| 003 | BD-DhUAP | ||
| 005 | 20201222120309.0 | ||
| 008 | 201212s2002 ii a 001 0 eng | ||
| 020 | _a8123902182 | ||
| 040 |
_aDLC _beng _cDLC _erda _dBD-DhUAP |
||
| 082 | 0 | 0 |
_a624.1834 RAJ _223 |
| 100 | 1 | _aRaju, N. Krishna. | |
| 245 | 1 | 0 |
_aDesign of concrete mixes / _cN. Krishna Raju. |
| 250 | _a4th ed. | ||
| 264 | 1 |
_aNew Delhi : _bCBS, _cc2002 [Reprinted 2007]. |
|
| 300 |
_axii, 316 pages : _billustrations ; _c23 cm |
||
| 504 | _aIncludes bibliographical references and index. | ||
| 650 | 0 | _aConcrete. | |
| 650 | 0 | _aConcrete construction. | |
| 650 | 0 | _aStructural design. | |
| 942 |
_2ddc _cBK |
||